[Event "Match/Team URS-World 20,5-19,5"]
[Site "Belgrade"]
[Date "1970.03.29"]
[Round "1.10"]
[White "Ivkov, Borislav"]
[Black "Keres, Paul"]
[Result "1/2-1/2"]
[WhiteElo "2570"]
[BlackElo "2600"]
[Annotator "Ivkov/Keres"]
[PlyCount "80"]
[EventDate "1970.03.29"]
[EventType "team"]
[EventRounds "4"]
[EventCountry "YUG"]
[SourceTitle "MCL"]
[Source "ChessBase"]
[SourceDate "1999.07.01"]
[SourceVersion "1"]
[SourceVersionDate "1999.07.01"]
[SourceQuality "1"]
[WhiteTeam "Soviet Union"]
[BlackTeam "Soviet Union"]
[WhiteTeamCountry "URS"]
[BlackTeamCountry "URS"]
[TimeControl "40/9000:16/5400:0"]

1. e4 e5 2. Nf3 Nc6 3. Bb5 a6 4. Ba4 d6 5. O-O Bd7 6. c3 (6. c4 Nf6 7. Nc3 Be7
8. d4 Nxd4 9. Nxd4 exd4 10. Bxd7+ Nxd7 11. Qxd4 Bf6 $14 {Ivkov=:I}) (6. d4 b5
7. Bb3 Nxd4 8. Nxd4 exd4 9. c3 {Keres=:K}) 6... Nge7 7. d4 Ng6 8. Nbd2 Be7 9.
Re1 O-O (9... h6 10. Nf1 Bg5 {K}) 10. Nf1 exd4 $1 {I} (10... Nh4 {K}) 11. cxd4
Bf6 $146 (11... Re8 $5 {[%cal Ge7f8] I}) (11... Bg4 12. Bxc6 bxc6 13. Ne3 Bd7 {
K}) (11... b5 12. Bc2 Nb4 13. Bb3 c5 14. a3 Nc6 15. Ne3 Bf6 16. dxc5 dxc5 17.
Nd5 Bg4 18. h3 Bxf3 19. Qxf3 Be5 20. Qh5 Nd4 21. Bd1 f5 22. Bg5 Qd6 23. exf5
Rxf5 24. Ne3 Rf7 25. Ng4 Raf8 26. Be2 Bf4 27. Bd3 Nf3+ 28. gxf3 Qxd3 29. Bxf4
Nxf4 30. Ne5 Qd5 31. Rad1 Qb3 32. Qg4 h5 33. Qg3 Ne2+ {0-1 (33) Kirillov,
V-Pasman,M Riga 1961}) 12. Ne3 Re8 13. Bc2 Nh4 (13... Nb4 14. Bb1 c5 15. d5 a5
16. a3 Na6 17. Nc4 {K}) 14. Nxh4 Bxh4 15. Nd5 Ne7 (15... f5 16. e5 $1 $16 {I} (
16. Bf4) 16... dxe5 17. dxe5 Rxe5 18. Rxe5 Nxe5 19. Bf4 $1 {K}) 16. Nc3 $14 {
I P 17.g3 f6 18.e5 K} Ng6 17. g3 Bf6 18. Be3 $2 {I} (18. f4 $142 {I} c5 19.
dxc5 Bxc3 20. bxc3 dxc5 {K}) 18... c5 $1 {K} 19. f4 (19. dxc5 Ne5 $1 {P 20...
g4 21... c4 K} 20. f4 Bg4 21. Qxd6 Nf3+ 22. Kf2 Nxe1 23. Qxd8 Raxd8 24. Rxe1
Bxc3 $1 $10 {I}) 19... cxd4 20. Bxd4 Bc6 (20... Nf8 {(.) I} 21. Bxf6 Qxf6 22.
e5 {K}) 21. Bb3 Nf8 {P 22... d4 23. d4 e6 24... c5 K} 22. Bxf6 Qxf6 23. Nd5 Qd8
(23... Qxb2 24. Re2 Qa3 25. Nc7 Qc5+ (25... Bb5 26. Rc2 {K}) 26. Rf2 $16 {I/K})
24. Qh5 Nd7 $1 {I} (24... Ne6 25. f5 $1 {K}) 25. Rad1 Nc5 (25... Nf6 $6 26.
Nxf6+ Qxf6 27. e5 dxe5 28. fxe5 Qg6 29. Qxg6 hxg6 30. e6 $1 {K}) 26. Bc2 g6 27.
Qg5 $8 {I} (27. Qh6 Bxd5 28. Rxd5 Qb6 {K}) (27. Qf3 {K}) 27... Qxg5 28. fxg5
Bxd5 29. Rxd5 Re6 (29... Rad8 30. e5 {K}) 30. b4 Nd7 31. Bb3 Ne5 (31... Rae8
32. Rd4 Ne5 33. Bxe6 Nf3+ 34. Kf2 Nxd4 35. Bd5 $14 {K}) 32. Rc1 $2 {I} (32. Kg2
$1 Nc6 33. Rdd1 Re7 34. Rxd6 Nxb4 35. e5 Rae8 36. e6 fxe6 37. Rdxe6 Rxe6 38.
Rxe6 Rxe6 39. Bxe6+ $16 {I}) 32... Nc6 33. b5 axb5 (33... Na5 {K}) 34. Rxb5 Re7
35. Rd1 Ra5 $1 $10 {I} 36. Rxa5 (36. a4 Rxb5 37. axb5 Na7 {K}) 36... Nxa5 37.
Bd5 Rc7 38. Rb1 Kf8 39. Rb5 Nc6 40. Rb6 Ke7 1/2-1/2

[Event "Dos Hermanas"]
[Site "Dos Hermanas"]
[Date "1995.??.??"]
[Round "1"]
[White "Shirov, Alexei"]
[Black "Lautier, Joel"]
[Result "0-1"]
[WhiteElo "2710"]
[BlackElo "2655"]
[Annotator "Lautier,J"]
[PlyCount "81"]
[EventDate "1995.04.??"]
[EventType "tourn"]
[EventRounds "9"]
[EventCountry "ESP"]
[EventCategory "18"]
[SourceTitle "CBM 047"]
[Source "ChessBase"]
[SourceDate "1995.08.01"]
[SourceVersion "1"]
[SourceVersionDate "1995.08.01"]
[SourceQuality "1"]

1. e4 {Wedberg Ftacnik} e5 2. Nf3 Nc6 3. Bb5 a6 4. Ba4 d6 5. c3 Bd7 6. d4 Nge7
7. O-O (7. Bb3 {Wedberg} h6 8. Nbd2 Ng6 9. Nc4 Be7 10. Ne3 Bg5 11. Nxg5 hxg5
12. g3 exd4 13. cxd4 Kf8 $36 {/\Bh3, Qd7, Re8. Sax,G-Portisch,L/Skellefteå/1989
}) 7... Ng6 8. d5 Nb8 9. Bc2 $6 {>< Bc2} (9. c4 {Ftacnik} a5 (9... Be7 10. Nc3
O-O (10... h6 {Wedberg} 11. Be3 Bg5 12. Re1 Bxe3 13. Rxe3 O-O 14. Rc1 a5 $10 {
Trifunovic-Keres/Jugoslavija-USR/1956}) 11. Bxd7 Nxd7 12. Qc2 $5 (12. Be3 h6
13. g3 f5 14. exf5 Rxf5 15. Nd2 Ndf8 16. Nce4 Qd7 17. c5 dxc5 18. Qb3 Qb5 19.
Qc2 Rf7 20. a4 Qd7 21. Qb3 b6 22. a5 b5 23. Bxc5 Rd8 24. Bxe7 {Almasi,Z-Sermek,
D/Mitropa Cup/1993/1-0 (45)}) 12... Nh4 13. Nxh4 Bxh4 14. b4 Bg5 15. Rb1 Bxc1
16. Rfxc1 Qe7 {Van der Wiel,J-Short,N/Amsterdam/1991/}) 10. Be3 Be7 11. Nc3 O-O
12. Bc2 Na6 13. a3 h6 14. Rb1 Bg5 15. Nxg5 hxg5 16. b4 Nf4 17. c5 axb4 18. axb4
g6 19. c6 bxc6 20. dxc6 Be6 21. Nd5 Nb8 22. b5 Ra2 23. Bb3 Ra3 24. Bc4 {
Marinkovic,S-Vasiljevic,D/Beograd II (12)/1990/1-0 (37)}) 9... Be7 10. h3 $6 {
>< f4 ><h3} (10. c4) 10... h6 {/\ Bg5} 11. c4 Bg5 12. Nbd2 (12. Nxg5 $6 {
Ftacnik} hxg5 {><h3, עg1} 13. Nd2 Nf4 $40) 12... a5 $1 {/\ Na6-c5} 13. b3 (13.
a3 a4 $10) (13. Rb1 Nf4 $1 (13... Na6 $6 14. a3 $1 $14) (13... O-O 14. b3 Na6
15. a3 Nc5 (15... b5 16. Nxg5 (16. cxb5 $2 Bxb5 17. Nc4 Bxc1 18. Qxc1 Bxc4 19.
bxc4 Nc5 $15) 16... hxg5 (16... Qxg5 17. Nf3 Qf6 18. cxb5 Bxb5 19. Bd3 Bxd3 20.
Qxd3 Nc5 21. Qc4 $14) 17. cxb5 Bxb5 18. Nc4 $14 {/\ Be3}) 16. b4 axb4 17. axb4
Na4 18. Rb3 b5 19. Ra3 Qe8 20. Bxa4 Rxa4 21. Rxa4 bxa4 22. b5 $14) 14. Re1 (14.
b3 Na6 {/\ Nb4} 15. a3 Nc5 {see the game}) 14... Na6 15. a3 (15. Nf1 $6 Nb4 $1
$15) 15... Nc5 {/\ Ncd3} 16. Nf1 a4 17. Be3 b6 $10) 13... Na6 14. a3 Nc5 15.
Rb1 Nf4 $1 {/\ Ncd3} 16. Ne1 (16. h4 $2 {Ftacnik} Bxh4 17. g3 Nh3+ 18. Kg2 Bf6
$17) 16... O-O 17. b4 (17. Ndf3 {/\ Be3, Qd2, b4} f5 (17... b5 18. Be3 $1 $14)
(17... a4 18. b4 Nb3 19. Bxb3 (19. Be3 $5) 19... axb3 20. Bxf4 Bxf4 21. Qxb3 f5
22. exf5 Bxf5 23. Ra1 $14) 18. exf5 Bxf5 19. Bxf5 Rxf5 20. Be3 Nd7 21. Qc2 (21.
Nd2 Qe8 $1 $36 {/\ Qg6}) 21... Rf7 $10) 17... axb4 18. axb4 Na4 19. Rb3 (19.
Ra1 $2 {Ftacnik} Nc3 20. Rxa8 Nfe2+ 21. Kh1 Qxa8) 19... b5 20. Ra3 (20. cxb5 {
Ftacnik} Bxb5 21. Nd3 f5 $17) 20... bxc4 (20... Qe8 $1 21. Bxa4 (21. Nef3 bxc4
22. Nxc4 Bb5 23. Nfd2 Nb6 24. Rxa8 (24. Rc3 f5 $17) 24... Qxa8 $17) 21... Rxa4
22. Rxa4 bxa4 23. Nef3 f5 24. Nxg5 hxg5 $15) 21. h4 $1 (21. Bxa4 Bxa4 22. Rxa4
Rxa4 23. Qxa4 Ne2+ 24. Kh1 (24. Kh2 {Wedberg} Nxc1 25. Nxc4 f5 $36) 24... Nxc1
(24... c3 $4 25. Ndf3 Nxc1 (25... Bxc1 26. Qd1 $18) 26. Nxg5 Qxg5 27. Nf3 Qf4
28. Qc2 $18) 25. Nxc4 Qa8 $1 (25... f5 $40 {Ftacnik}) 26. Qxa8 (26. Qa5 $6 Qb7
$1 $17) (26. Na5 $6 f5 $17) (26. Qc2 $6 {/\ Nf3} Qa2 27. Qxa2 Nxa2 28. Nd3 f5
$1 (28... Rb8 29. Rb1 Nc3 30. Re1 $15) 29. exf5 e4 $17) 26... Rxa8 27. Na5 $15)
(21. Nxc4 {Ftacnik} Bb5 22. Bxf4 Bxf4 23. Bd3 f5 24. exf5 e4 25. Be2 Qf6 $36)
21... Be7 (21... Bxh4 $2 22. g3 $16 {>< h4, f4, a4} (22. g3 {Ftacnik} Nh3+ 23.
Kg2 Bf6 24. Bxa4 $16)) (21... Bf6 22. g3 Nh3+ 23. Kg2 Nb6 24. Rc3 Qc8 25. Rh1
g5 26. hxg5 (26. Qh5 $4 Bg4 27. Qxh6 Bg7 $19) 26... hxg5 27. Nxc4 Nxc4 28. Rxc4
g4 $13) 22. g3 (22. Nxc4 {Ftacnik} Bb5 23. Bxf4 Bxc4 24. Nd3 exf4 25. Bxa4 Bxh4
$17) 22... Nh3+ (22... Nd3 $2 {Ftacnik} 23. Nxd3 cxd3 24. Bxa4 $18) 23. Kg2 Nb6
24. Rc3 (24. Rxa8 {Ftacnik} Qxa8 25. Rh1 Qc8 26. Bb2 c6 $36) 24... Qc8 25. Rh1
(25. Nxc4 $2 Nxc4 26. Rxc4 Bb5) 25... Ra1 26. Nxc4 $2 (26. Bb1 $1 {/\ Nc2-e3}
Bxh4 (26... g5 $2 27. Nc2 Ra4 28. Qh5 $1 Bf6 (28... Bg4 $2 29. Qxh6 Re8 30. Ne3
Bf8 31. Qf6 Bg7 32. Nxg4 $18) (28... gxh4 29. Nf3 $16) 29. Ne3 $16) 27. Nc2 (
27. gxh4 Nf4+ 28. Kg1 Na4 29. Rxc4 Bb5 $40) 27... Rxb1 28. Nxb1 Be7 29. Nba3
Ng5 30. Bxg5 Bxg5 31. Nxc4 Nxc4 32. Rxc4 f5 33. f3 $13) (26. f3 $5 {Ftacnik}
Bxh4 $5 (26... g5 27. hxg5 hxg5 28. Nxc4 Nxc4 29. Rxc4 g4 30. Bd3 $13) 27. gxh4
Nf4+ 28. Kf2 Na4 29. Rxc4 Bb5 $1 (29... Nb2 30. Bxb2 Rxd1 31. Bxd1 Qb7 32. Kg3
c6 $13) 30. Nd3 $1 (30. Bxa4 Bxa4 31. Nb3 Ra2+ $19) 30... Nxd3+ 31. Bxd3 f5 (
31... Nb2 32. Qc2 Nxd3+ 33. Qxd3 Qa6 34. Qc3 Bxc4 35. Nxc4 $13) 32. exf5 (32.
Nb3 $6 Nb2 33. Qe2 Nxd3+ 34. Qxd3 Ra2+ 35. Ke1 fxe4 36. fxe4 Qg4 $17) 32...
Bxc4 33. Nxc4 Qb7 $40) 26... Nxc4 27. Rxc4 {[#]} Bxh4 $1 28. f4 $8 (28. gxh4
Nf4+ 29. Kh2 (29. Kf1 Bh3+ 30. Kg1 Rxc1 $19) (29. Kg1 Rxc1 $19) (29. Kg3 {
Wedberg} Rxc1 30. Qxc1 Ne2+ $19) 29... Bb5 30. Rc3 Ne2 $19 (30... Ne2 {Ftacnik}
31. Ra3 Rxc1 $19)) 28... Bxg3 $5 (28... exf4 $2 29. gxh4 (29. gxh4 {Ftacnik}
Bg4 30. Qd2 $14)) (28... Bf6 $17) 29. Kxg3 (29. f5 {Ftacnik} Nf2 30. Qd2 Nxh1
$19) (29. Rxh3 $2 {Ftacnik} Bxf4 $19) 29... Nxf4 $17 {-> /\ Rc1} 30. Rh2 $6
$138 (30. Nd3 f5 (30... Bb5 {Ftacnik} 31. Rc3 f5 (31... Bxd3 32. Bxd3 f5 33.
exf5) 32. Nxf4 exf4+ 33. Kh2 (33. Kxf4 fxe4+ 34. Kg3 Qf5 $40) 33... Qd8 34.
exf5 Qh4+ 35. Kg2 Qg5+ 36. Kh2 Re8 37. Rg1 Rxc1 $1 38. Rxg5 Rxd1 39. Bxd1 hxg5
$17) (30... Qd8 31. Nxf4 Qg5+ 32. Kf2 exf4 33. Qf3 Bg4 34. Qc3) 31. Nxf4 exf4+
32. Kg2 fxe4 33. Bxe4 Ra2+ $17) 30... Bb5 31. Rc3 Qd8 (31... Be2 $6 32. Qd2
Qg4+ 33. Kf2) (31... Ne2+ 32. Rxe2 Bxe2 33. Qxe2 Rxc1 $17) 32. Qd2 (32. Bb3 {
Ftacnik} f5 $40) 32... Qg5+ 33. Kf3 (33. Kf2 {Ftacnik} Rxc1 $1 34. Qxc1 Nh3+
35. Rhxh3 Qxc1 $19) 33... Qg1 {/\ Rc1} 34. Bd1 (34. Rf2 {Ftacnik} f5 35. exf5
Qh1+ 36. Ng2 Qh3+ 37. Ke4 Qxf5+ $19) 34... f5 $19 35. Rxc7 (35. exf5 {Ftacnik}
Nd3 $5 36. Nxd3 Rxf5+ 37. Ke4 (37. Ke2 Qxh2+ $19) 37... Qd4+ 38. Kxf5 Bd7+ 39.
Kg6 Qe4+ 40. Kh5 Be8#) 35... fxe4+ $138 (35... Nd3 36. Rxg7+ Qxg7 $19) 36. Kxe4
Be8 (36... Bd3+ 37. Nxd3 Qg6+ 38. Kf3 Nxd5+ $19) (36... Ne2 $5 {Ftacnik} 37.
Bxe2 (37. Rg2 Qxg2+ 38. Nxg2 Ng3+ 39. Ke3 Nf1+ 40. Ke4 Nxd2+ 41. Bxd2 Rxd1 $19)
(37. Rxe2 Qg6+ 38. Ke3 Qg5+ 39. Ke4 Qf5+ 40. Ke3 Qf4#) 37... Qg6+ 38. Ke3 Qg5+
39. Ke4 Qf5+ 40. Ke3 Qf4#) 37. Rf2 Bg6+ (37... Qxf2 38. Qxf2 Bg6+ 39. Ke3 Nxd5+
$19) 38. Ke3 Nh3 (38... Qg5 {Ftacnik} 39. Nf3 (39. Rc4 Nh3+ $19) 39... Nxd5+
40. Ke2 Qxd2+ 41. Bxd2 Nxc7 $19) 39. Nf3 Qg3 {[#]} (39... Qg4 {Ftacnik} 40. Ke2
Be4 41. Rc3 Bxf3+ 42. Rfxf3 e4 $19) 40. Rg2 $2 (40. Rf1 Qf4+ 41. Ke2 Qe4+ 42.
Qe3 Nf4+ 43. Kf2 (43. Ke1 Ng2+ $19) (43. Kd2 Ra2+ 44. Kc3 Rc2+ $19) 43... Nd3+
44. Kg2 Rxc1 45. Qxe4 Bxe4 $19) (40. Rc4 {Ftacnik} e4 $19) 40... Qf4+ 41. Ke2 (
41. Ke2 Qxf3+ 42. Ke1 Qf1#) 0-1

[Event "Astrakhan FIDE GP"]
[Site "Astrakhan"]
[Date "2010.05.17"]
[Round "7"]
[White "Leko, Peter"]
[Black "Ivanchuk, Vassily"]
[Result "1/2-1/2"]
[WhiteElo "2735"]
[BlackElo "2741"]
[Annotator "Marin,M"]
[PlyCount "132"]
[EventDate "2010.05.10"]
[EventType "tourn"]
[EventRounds "13"]
[EventCountry "RUS"]
[EventCategory "20"]
[SourceTitle "CBM 137"]
[Source "ChessBase"]
[SourceDate "2010.07.15"]
[SourceVersion "1"]
[SourceVersionDate "2010.07.15"]
[SourceQuality "1"]

1. e4 e5 2. Nf3 Nc6 3. Bb5 Nge7 {A rare move order employed in the past by
Bent Larsen.} 4. O-O Ng6 5. c3 a6 6. Ba4 d6 7. d4 Bd7 {Play has transposed to
the Rubinstein setup from the delayed Steinitz Defence.} 8. d5 {A radical
attempt to get a strategic advantage in the spirit of the King's Indian.} ({
The main line goes} 8. Bb3 h6 9. Nbd2 Be7 10. Nc4 Bg5) 8... Nb8 9. c4 {It
always is a good question whether to exchange the light-squared bishop or not.
From the strategic point of view, this exchange should favour White, whose
central pawns are on light squares. On the other hand, Bxd7+ allows the
natural black development with ...Nxd7.} ({The main alternative is} 9. Bc2 Be7
{as in Shirov,A-Lautier,J/Dos Hermanas 1995/CBM 047/[Lautier] (0-1, 41)}) 9...
Be7 10. Nc3 h6 {[%cal Ge7g5]} 11. g3 $146 {A super cautious move. White
restricts the g6-knight, preventing the activation of the other one. At the
same time, he maintains the possibility of exchanging the light-squared
bishops in any moment.} (11. Bxd7+ Nxd7 (11... Qxd7 $6 {Gofshtein,L-Elbilia,J/
Tel Aviv 1998/CBM 065/[Wedberg] (1-0, 34)}) 12. g3 {It would be interesting to
know which were Leko's concerns regarding this similar line.} (12. a3 {is too
slow to cause Black problems.} Bg5 13. Nxg5 hxg5 14. g3 Qf6 15. b4 Nf4 $1 {
[%cal Gf6h6]} 16. Ra2 Qg6 17. f3 Nh3+ 18. Kh1 g4 $132 {Van der Wiel,J-Tkachiev,
V/Cannes 1999/CBM 074 (1/2, 23)}) 12... Bg5 (12... Nf6 13. Bd2 Qd7 14. Kg2 Nh7
15. h4 $5) 13. Nxg5 hxg5 14. Qg4 Nf6 $5 15. Qxg5 {Kozakov,M (2350)-Emodi,G 
(2410)/Sarospatak 1995/EXT 99 (1/2, 45)} Qd7 $5 16. f3 O-O-O $132) (11. Be3 Bg5
{Peng Xiaomin (2574)-Iuldachev,S (2491)/Qingdao 1999/CBM 074/[Wedberg] (1/2,
41)}) (11. b4 {Motylev,A (2675)-Timman,J (2625)/Gothenburg 2005/CBM 109/
[Erenburg] (0-1, 43)}) 11... O-O (11... Bg5 {comes into consideration.} 12.
Nxg5 hxg5 13. Qg4 $2 (13. Bxd7+ Nxd7 {transposes above.}) 13... b5 $1 $19) 12.
Bxd7 Qxd7 $5 {aiming to take advantage of the move order employed by White.} (
12... Nxd7 13. Be3 $14 {[%cal Gb2b4,Ga1c1]} Bg5 $2 14. Nxg5 hxg5 15. Qg4 f6 16.
h4 $16) 13. Kg2 f5 {This is the only active plan, but, with the black knights
far from e4, it faces Black with certain strategic risk.} 14. exf5 Qxf5 15. Nd2
Bg5 16. Nde4 Bxc1 17. Rxc1 Nd7 18. h3 {Preventing ...Qg4. Despite
simplifications, White retains a small plus. Black has no active plan, while
the permanent threat of opening the queenside with c4-c5 offers White pleasant
long term perspectives. In the next phase of the game, Black will try to
exchange at least one of the enemy knights.} Ne7 19. Qg4 Rad8 20. Rfd1 Qf7 21.
Qe6 {The exchange of queens favours White, who will not have to worry about
his king's safety at all.} Nf6 (21... Nf5 22. Ne2 Rde8 23. Qxf7+ Rxf7 24. c5
Nf6 25. Nxf6+ Rxf6 26. cxd6 cxd6 27. Rc4 $14) 22. Qxf7+ Rxf7 23. Rd3 Kh7 24. h4
Neg8 25. c5 $14 {White is better regrouped and has pleasant queenside play.}
Nxe4 26. Nxe4 Nf6 27. Nxf6+ Rxf6 28. Rb3 dxc5 29. Rxc5 Rb6 30. Rxc7 Rxb3 31.
axb3 Rxd5 32. Rxb7 Rd2 33. Kf3 Rxb2 34. h5 a5 35. Rb5 Ra2 36. Rxe5 Ra3 37. Re3
a4 38. bxa4 Rxa4 39. g4 Kg8 40. Re4 Ra5 41. Kf4 Kf7 42. Re5 Ra6 43. Rf5+ Kg8
44. f3 Ra4+ 45. Kg3 Ra3 46. Rd5 Ra4 47. Kf2 Ra3 48. Ke2 Kf7 49. Rd3 Ra2+ 50.
Ke3 Ra4 51. Rd4 Ra5 52. Rb4 Re5+ 53. Kf4 Ra5 54. Ke4 Rc5 55. Kd4 Ra5 56. Rc4
Ra3 57. Rc3 Ra4+ 58. Kd5 Ra5+ 59. Rc5 Ra3 60. Ke4 Ra7 61. Kf5 Rb7 62. f4 Ra7
63. Rd5 Rb7 64. g5 hxg5 65. fxg5 g6+ 66. hxg6+ Kg7 1/2-1/2

[Event "ISL-ISR"]
[Site "Reykjavik"]
[Date "1996.??.??"]
[Round "1"]
[White "Kosashvili, Yona"]
[Black "Gretarsson, Helgi Ass"]
[Result "1-0"]
[WhiteElo "2580"]
[BlackElo "2450"]
[Annotator "Psakhis,L"]
[PlyCount "61"]
[EventDate "1996.04.??"]
[EventType "team"]
[EventRounds "2"]
[EventCountry "ISL"]
[SourceTitle "CBM 053"]
[Source "ChessBase"]
[SourceDate "1996.08.01"]
[SourceVersion "1"]
[SourceVersionDate "1996.08.01"]
[SourceQuality "1"]

1. e4 {Wedberg} e5 2. Nf3 Nc6 3. Bb5 a6 4. Ba4 d6 5. O-O Bd7 6. c3 Nge7 7. d4
Ng6 8. c4 $5 (8. d5 {Wedberg}) (8. Be3 {Wedberg}) (8. Bg5 {Wedberg}) 8... b5 $5
$146 {Wedberg: Since White has waited with d5 this is an interesting
possibility.} (8... Be7 9. Nc3 O-O 10. Be3 Nxd4 (10... Bg4 11. Bxc6 bxc6 12. h3
Bxf3 (12... exd4 13. Bxd4 Be6 14. Qa4 c5 15. Be3 f5 16. exf5 Rxf5 17. Nh2 Qb8
18. Qc2 Qb7 19. b3 Raf8 20. Rae1 Bd7 21. Nd5 $14 {Ravinsky,G-Petrosian,T/
Moscow/1947/1-0/61/}) 13. Qxf3 exd4 14. Bxd4 c5 15. Be3 Bf6 $13) 11. Nxd4 exd4
12. Bxd4 Bxa4 13. Qxa4 Bf6 14. Bxf6 Qxf6 $10 {Georgiev,Kr-Skembris,S/Karditsa/
1994/0,5/22/}) (8... Nxd4 9. Bxd7+ Qxd7 10. Nxd4 exd4 11. Qxd4 Be7 12. Nc3 Bf6
13. Qd3 Bxc3 14. Qxc3 $14 {Antunes,A-Arencibia,WR/Capablanca mem-B/1992/0,5/42/
}) 9. Bc2 (9. cxb5 Nxd4 10. Nxd4 exd4 11. bxa6 c5 12. Bxd7+ (12. Qb3 Bxa4 13.
Qxa4+ Qd7) 12... Qxd7 13. Qb3 (13. Qe2 {Wedberg} Be7 $13) 13... Qc6 14. a7 Be7
15. Qb8+ Kd7 $13) 9... Bg4 {[%cal Yc6d4,Yg6h4,Yd8f6] Wedberg: Now White seems
to be under severe pressure.} (9... Nxd4 10. Nxd4 exd4 11. Qxd4 c5) (9... Nb4
$5 {Wedberg}) 10. d5 (10. dxe5 $2 Ncxe5 $17) 10... Nd4 11. Be3 (11. Nbd2 Nh4 $1
) 11... Nxf3+ (11... Nh4 12. Nbd2 (12. Bxd4 $4 {Wedberg} Bxf3 13. gxf3 Qg5+ $19
) 12... Bxf3 13. gxf3 (13. Nxf3 Ndxf3+ 14. gxf3 Qf6 15. Kh1 Qxf3+ 16. Qxf3 Nxf3
17. cxb5 axb5 18. a4 $44) 13... Qc8 (13... Qf6 14. Kh1 Nhxf3 15. Nxf3 Nxf3 16.
cxb5 axb5 17. Bd3 $36) 14. Kh1 $8 Qh3 15. Rg1 Ndxf3 16. Nxf3 Nxf3 17. Rg2 $13)
12. gxf3 Bh3 13. Kh1 $1 {Forced, but strong. White gets compensation for the
exchange because Black is undeveloped.} (13. Re1 Nh4 14. Nd2 Qf6 $19) 13...
Bxf1 (13... Qf6 14. Rg1) 14. Qxf1 {[%csl Rb5] Black is very weak on the white
squares. He must lose a pawn or the right to castle.} Be7 $2 (14... Qf6 $5 15.
Nd2 Rb8 (15... b4 16. Ba4+ Kd8 (16... Ke7 17. c5 $1) 17. Bc6 (17. Qh3 {Wedberg}
Qe7 18. Nb3 $40) 17... Rb8 (17... Rc8 18. Qh3 Qe7 19. Nb3 $1 $16) 18. Ba7 Rb6 (
18... Rc8 19. Qh3 Qe7 20. Bb7 Qd7 21. Qxd7+ Kxd7 22. Bxc8+ Kxc8 23. a3 $16))
16. cxb5 axb5 $13) (14... bxc4 $2 15. Ba4+ Ke7 16. Qxc4 $16) 15. cxb5 O-O (
15... Qb8 16. bxa6 Qxb2 17. Ba4+ Kd8 18. Nd2 $16) (15... a5 16. b6 $1) (15...
axb5 $142 {Wedberg} 16. Qxb5+ Qd7 17. Bd3 Bh4 18. Nc3 Qxb5 19. Bxb5+ Ke7 $13)
16. bxa6 Qb8 $6 (16... Bg5 $5) (16... f5 $5) (16... Bg5 {Wedberg} 17. Nc3 Bf4
18. h3 Qh4 19. Bd3 $14) 17. b3 h6 18. Bd3 {[%csl Ga6][%cal Ya6a8]} Bg5 19. Nc3
Nh4 (19... Bxe3 20. fxe3 Qb6 21. Qe2) 20. Qh3 Qb4 21. Rc1 g6 $6 (21... Bxe3 $5
22. fxe3 Ng6) 22. Qg3 Kg7 (22... f6) 23. Nb1 $1 Rfc8 24. Bc4 c6 25. Nc3 $16
Bxe3 26. fxe3 g5 (26... Qc5 27. Qxh4 Qxe3 28. Rc2 Qxf3+ 29. Kg1 $18) 27. f4 $1
(27. dxc6 Rxc6 28. Bd5 Rxc3 29. Rxc3 Qxc3 30. Bxa8 Qd3 $1) 27... cxd5 (27... f6
$1 $16) 28. fxg5 $1 hxg5 (28... dxc4 29. gxh6+ Kf8 30. Qxh4 (30. Qg7+ {Wedberg}
Ke8 31. Nd5 Qb5 32. Qg8+ Kd7 33. Qxf7+ Kc6 34. Rxc4+ Qxc4 35. Qb7+ Kc5 36. Qb6#
)) 29. Qxg5+ Ng6 30. Nxd5 Qd2 31. Qf6+ (31. Qf6+ Kh6 32. Rg1 $18) 1-0

[Event "World Women-ch"]
[Site "Manila"]
[Date "1991.??.??"]
[Round "5"]
[White "Xie, Jun"]
[Black "Chiburdanidze, Maia"]
[Result "0-1"]
[WhiteElo "2465"]
[BlackElo "2495"]
[Annotator "Schussler,H"]
[PlyCount "84"]
[EventDate "1991.09.??"]
[EventType "match"]
[EventRounds "16"]
[EventCountry "PHI"]
[SourceTitle "CBM 026"]
[Source "ChessBase"]
[SourceDate "1992.02.01"]
[SourceVersion "1"]
[SourceVersionDate "1992.02.01"]
[SourceQuality "1"]

1. e4 e5 2. Nf3 Nc6 3. Bb5 a6 4. Ba4 d6 5. c3 Bd7 6. d4 Nge7 7. Bb3 h6 8. Na3
Ng6 9. Nc4 Be7 10. Ne3 O-O 11. O-O Qc8 12. Nd5 Bd8 13. dxe5 dxe5 14. Be3 Be6
15. Bc5 Re8 16. Ba4 b5 17. Bc2 Nb8 18. a4 Nd7 19. Be3 c6 20. Nb4 Nf6 21. Qd6 $2
Be7 $1 22. Qd2 (22. Qxc6 Bxb4 23. Qxc8 Raxc8 24. cxb4 Rxc2) 22... Rd8 23. Qc1
c5 24. Nd3 Qc7 25. axb5 axb5 26. Re1 Rxa1 27. Qxa1 Ng4 (27... Nxe4 28. Ndxe5)
28. Qa6 (28. Bc1 c4 29. Nb4 Bc5 30. Rf1 Qb6) 28... Bc4 29. Nc1 Rd6 30. Qa8+ Kh7
31. h3 Nxe3 32. Rxe3 Be6 33. Nd3 Rd8 34. Qa6 c4 35. Nb4 Bc5 36. Re1 Bxb4 37.
cxb4 c3 $1 38. Qa1 Rc8 $1 39. Bd3 Nf4 40. Bxb5 c2 41. Rc1 Qb7 $1 42. Bf1 (42.
Ba6 Qxe4 43. Bxc8 Ne2+) 42... Ra8 0-1

[Event "Biel-B"]
[Site "Biel"]
[Date "1990.??.??"]
[Round "6"]
[White "Brunner, Lucas"]
[Black "D'Amore, Carlo"]
[Result "1/2-1/2"]
[WhiteElo "2475"]
[BlackElo "2425"]
[Annotator "Schussler,H"]
[PlyCount "113"]
[EventDate "1990.07.??"]
[EventType "tourn"]
[EventRounds "11"]
[EventCountry "SUI"]
[EventCategory "10"]
[SourceTitle "CBM 019"]
[Source "ChessBase"]
[SourceDate "1990.12.01"]
[SourceVersion "1"]
[SourceVersionDate "1990.12.01"]
[SourceQuality "1"]

1. e4 e5 2. Nf3 Nc6 3. Bb5 Nge7 4. c3 a6 5. Ba4 d6 6. d4 Bd7 7. Bb3 h6 8. Nbd2
Ng6 9. Nc4 Be7 10. d5 (10. Ne3 Bg5 11. Nxg5 hxg5 12. g3 exd4 13. cxd4 Kf8 $13 {
Sax-Portisch, SkellefteÅ 1989}) 10... Nb8 11. Ne3 a5 12. Bc2 Na6 13. a3 O-O 14.
Bd2 Nc5 15. b4 axb4 16. axb4 Rxa1 17. Qxa1 Na4 18. O-O {18.Bxa4 is of course
met by 18. - Qa8.} Qa8 19. Qa3 Nb6 20. Ra1 Qxa3 21. Rxa3 Bb5 22. Be1 Be2 23.
Nd2 Bg5 24. Ndf1 Ra8 25. Rxa8+ Nxa8 26. g3 Nb6 27. Bb3 Bxe3 28. Nxe3 Bf3 29.
Bc2 Be2 30. Kg2 Nc4 31. Nf5 Kf8 32. f3 Na3 33. Bb3 Bc4 34. Bd1 Ne7 35. Ne3 Bd3
36. Bb3 b5 37. Kf2 Nc8 38. Nf5 h5 39. Ke3 Bc2 40. Bxc2 Nxc2+ 41. Kd2 Nxe1 42.
Kxe1 Nb6 43. Ne3 Ke7 44. Kd2 g6 45. Kd3 Kd7 46. g4 hxg4 47. fxg4 g5 48. c4
bxc4+ 49. Nxc4 Nxc4 50. Kxc4 Kc8 51. Kb5 Kb7 52. Ka5 Ka7 53. b5 Kb7 54. b6
cxb6+ 55. Kb5 f6 56. h3 Kc7 57. Ka6 {57. - b5 =} 1/2-1/2